First US Cities over 100k Quiz Stats

Quiz Updated Mar 15, 2012

Challenge
Share
Tweet
Embed
Score 0/71 Timer 07:00
2 Plays Today
State % Correct
NYNew York City
99.6%
MABoston
96%
PAPhiladelphia
93.6%
ILChicago
93.4%
LANew Orleans
92.1%
DCWashington
91.5%
CALos Angeles
91.4%
CASan Francisco
89.8%
MDBaltimore
89.4%
OHCleveland
85.8%
PAPittsburgh
85.3%
MOSt. Louis
83.6%
TXDallas
83.3%
MIDetroit
82.9%
CODenver
82.6%
TXHouston
81%
WASeattle
79.9%
NYAlbany
79.6%
INIndianapolis
79.2%
GAAtlanta
79%
MOKansas City
78.7%
KSKansas City
78.7%
MNMinneapolis
77.6%
NYBuffalo
77.5%
OHCincinnati
76.5%
OHColumbus
75%
RIProvidence
74%
TNNashville
73.4%
MNSt. Paul
72.8%
ORPortland
71.3%
NJNewark
68%
TXSan Antonio
67.6%
KYLouisville
67%
NJTrenton
66.5%
WIMilwaukee
65.6%
UTSalt Lake City
65%
State % Correct
TNMemphis
64.2%
CTHartford
64.2%
VARichmond
61.5%
NEOmaha
57.6%
IADes Moines
53%
NJJersey City
50.4%
NYRochester
49.6%
ALBirmingham
49.2%
NYSyracuse
49%
MASpringfield
45.1%
NYBrooklyn
44.7%
TXFort Worth
41.6%
CAOakland
41.3%
OHToledo
41.2%
OHAkron
41%
CTNew Haven
38.4%
PAScranton
34.8%
OHDayton
34.3%
DEWilmington
32%
MAWorcester
29.3%
VANorfolk
28.7%
WASpokane
27.8%
NYYonkers
27.4%
MACambridge
24.8%
MIGrand Rapids
24.1%
CTBridgeport
22%
NJCamden
20.2%
OHYoungstown
18%
MALowell
17.7%
NJPaterson
13.3%
PAReading
12.4%
MAFall River
9.5%
MANew Bedford
9%
MOSt. Joseph
7.9%
PAAllegheny
5.3%

You're not logged in!

Compare scores with friends on all Sporcle quizzes.
Join for Free
OR
Log In

You Might Also Like...

Show Comments

Extras

Top Quizzes Today


Score Distribution

Your Account Isn't Verified!

In order to create a playlist on Sporcle, you need to verify the email address you used during registration. Go to your Sporcle Settings to finish the process.

Report this User

Report this user for behavior that violates our Community Guidelines.

Details: